000 00276nam a2200109Ia 4500
001 1275960
005 20260417160438.0
008 260417s9999 xx 000 0 und d
020 _a9786258159707
245 0 _aEndişeler Kükreyince
_cAlexandra Page
260 _bKetebe Çocuk
999 _c1275960
_d1275960